Teória pravdepodobnosti 2

Gespeichert in:
Bibliographische Detailangaben
1. Verfasser: Huťka, Vladimír
Körperschaft: Ekonomická univerzita v Bratislave. Fakulta hospodárskej informatiky
Format: Buch
Sprache:Slowakisch
Veröffentlicht: Bratislava Vydavateľstvo Ekonóm 1998
Ausgabe:2. vyd.
Schlagworte:
Tags: Tag hinzufügen
Keine Tags, Fügen Sie das erste Tag hinzu!

MARC

LEADER 00000nam a2200000 4500
001 c100806
005 20221123133603.5
020 |a 80-225-0969-8 
041 0 |a slo 
044 |a SK 
245 1 0 |a Teória pravdepodobnosti 2  |c Vladimír Huťka 
250 |a 2. vyd. 
264 1 |a Bratislava  |b Vydavateľstvo Ekonóm  |c 1998 
300 |a 159 s. 
610 2 0 |a teória pravdepodobnosti 
610 2 0 |a reťazce Markovove 
610 2 0 |a procesy Markovove 
610 2 0 |a metódy matematicko-štatistické 
100 1 |a Huťka, Vladimír 
710 2 |a Ekonomická univerzita v Bratislave. Fakulta hospodárskej informatiky